[Event "TCh-CHN 2018"]
[Site "China CHN"]
[Date "2018.07.10"]
[Round "8.1"]
[Board "3"]
[White "Xu, Yinglun"]
[Black "Ni, Hua"]
[Result "0-1"]
[WhiteTitle "GM"]
[BlackTitle "GM"]
[WhiteElo "2531"]
[BlackElo "2683"]
[WhiteTeam "Guangdong Ding Xin High Tech Team"]
[BlackTeam "China Mobil Shanghai Chess Club"]
[WhiteFideId "8604940"]
[BlackFideId "8601160"]
[EventDate "2018.04.11"]

1. d4 Nf6 2. c4 e6 3. Nf3 d5 4. Nc3 c6 5. Bg5 h6 6. Bxf6 Qxf6 7. Qb3 Nd7 8. e4
dxe4 9. Nxe4 Qf5 10. Bd3 Qa5+ 11. Nc3 e5 12. O-O-O exd4 13. Rhe1+ Be7 14. Nxd4
Qg5+ 15. Kb1 Nc5 16. Qc2 O-O 17. f4 Qf6 18. Qe2 Nxd3 19. Rxd3 Bb4 20. Qe5 Qxe5
21. fxe5 Rd8 22. Rdd1 Bg4 23. Nf3 Be6 24. Kc2 Bxc4 25. Re4 Bxc3 26. Rxd8+ Rxd8
27. Rxc4 Ba5 28. b4 Bb6 29. a4 a6 30. g4 Kf8 31. h4 Ke7 32. h5 Rd5 33. Re4 Ke6
34. Kc3 Rd1 35. Rf4 Be3 36. Re4 Bg5 37. Re2 Rf1 38. Nd4+ Kd5 39. e6 fxe6 40.
Nxe6 Bf6+ 41. Kc2 Rg1 42. Nc7+ Kd4 43. b5 cxb5 44. axb5 a5 45. Re6 a4 46. b6
Rg2+ 0-1

[Event "TCh-CHN 2018"]
[Site "China CHN"]
[Date "2018.07.10"]
[Round "8.1"]
[Board "4"]
[White "Ju, Wenjun"]
[Black "Gong, Qianyun"]
[Result "1-0"]
[WhiteTitle "GM"]
[BlackTitle "WGM"]
[WhiteElo "2568"]
[BlackElo "2312"]
[WhiteTeam "China Mobil Shanghai Chess Club"]
[BlackTeam "Guangdong Ding Xin High Tech Team"]
[WhiteFideId "8603006"]
[BlackFideId "8602425"]
[EventDate "2018.04.11"]

1. d4 Nf6 2. c4 e6 3. g3 d5 4. Bg2 dxc4 5. Nf3 Bd7 6. O-O c5 7. Nbd2 Bc6 8. Nxc4
Nbd7 9. Bf4 cxd4 10. Qxd4 Bc5 11. Nd6+ Ke7 12. Qd2 Nb6 13. Rad1 Bd5 14. Nb5 Nc4
15. Qc2 Rc8 16. Nc3 Qb6 17. e4 Bc6 18. Qe2 Qa6 19. a3 Kf8 20. Ne1 Be7 21. Nd3
Nb6 22. Rfe1 Na4 23. Rc1 Nxc3 24. Rxc3 Rd8 25. Qc2 Ba4 26. Qb1 b6 27. Ne5 Nd7
28. Nxd7+ Rxd7 29. b3 Bb5 30. a4 Bd3 31. Qc1 Bb4 32. Rc8+ Ke7 33. Rxh8 Bxe1 34.
Qxe1 Be2 35. Qb4+ Kf6 36. e5+ Kg6 37. Qe4+ f5 38. exf6+ Kf7 39. h4 1-0

[Event "TCh-CHN 2018"]
[Site "China CHN"]
[Date "2018.07.10"]
[Round "8.1"]
[Board "5"]
[White "Ni, Shiqun"]
[Black "Li, Xueyi"]
[Result "1-0"]
[WhiteTitle "WGM"]
[WhiteElo "2436"]
[BlackElo "2187"]
[WhiteTeam "China Mobil Shanghai Chess Club"]
[BlackTeam "Guangdong Ding Xin High Tech Team"]
[WhiteFideId "8608466"]
[BlackFideId "8605912"]
[EventDate "2018.04.11"]

1. e4 c6 2. d4 d5 3. e5 c5 4. dxc5 e6 5. a3 Nc6 6. Nf3 Bxc5 7. b4 Bb6 8. Bb2
Nge7 9. Bd3 Ng6 10. O-O Nf4 11. c4 Bc7 12. c5 O-O 13. Bc2 Ng6 14. Bxg6 fxg6 15.
b5 Rxf3 16. Qxf3 Nxe5 17. Qc3 Qf8 18. Nd2 Nf7 19. f4 Nh6 20. Nf3 Ng4 21. g3 Nf6
22. Rac1 Ne4 23. Qe3 b6 24. cxb6 Bxb6 25. Bd4 Bd8 26. Ng5 Bf6 27. Nxe4 dxe4 28.
Bxf6 gxf6 29. Qxe4 Rb8 30. Rc7 e5 31. fxe5 Bf5 32. Qc4+ Kh8 33. Qh4 g5 34. Qb4
Qd8 35. Qd6 Bh3 36. Rxf6 Qxd6 37. Rxd6 Rf8 38. Rd1 1-0

[Event "TCh-CHN 2018"]
[Site "China CHN"]
[Date "2018.07.10"]
[Round "8.2"]
[Board "1"]
[White "Andreikin, Dmitry"]
[Black "Zhao, Jun"]
[Result "1/2-1/2"]
[WhiteTitle "GM"]
[BlackTitle "GM"]
[WhiteElo "2719"]
[BlackElo "2607"]
[WhiteTeam "Chongqing Team"]
[BlackTeam "Shandong Jingzhi Team"]
[WhiteFideId "4158814"]
[BlackFideId "8602522"]
[EventDate "2018.04.11"]

1. e4 c5 2. Nc3 d6 3. d4 cxd4 4. Qxd4 Nc6 5. Qd2 Nf6 6. b3 e6 7. Bb2 Be7 8.
O-O-O a6 9. Kb1 O-O 10. g4 d5 11. exd5 exd5 12. g5 Ne4 13. Nxe4 dxe4 14. Qe1 Bb4
15. Rxd8 Bxe1 16. Rxf8+ Kxf8 17. Bg2 Bf5 18. Ba3+ Kg8 19. Bc5 Bd2 20. Ne2 Bg4
21. Ng3 Bf3 22. Rg1 Bxg2 23. Rxg2 Bxg5 24. Nf5 Bf6 25. Nh6+ Kh8 26. Nxf7+ Kg8
27. Nh6+ Kh8 28. Nf7+ Kg8 29. Nh6+ 1/2-1/2

[Event "TCh-CHN 2018"]
[Site "China CHN"]
[Date "2018.07.10"]
[Round "8.2"]
[Board "2"]
[White "Liu, Yan"]
[Black "Sethuraman, S.P."]
[Result "1/2-1/2"]
[WhiteTitle "IM"]
[BlackTitle "GM"]
[WhiteElo "2495"]
[BlackElo "2664"]
[WhiteTeam "Chongqing Team"]
[BlackTeam "Shandong Jingzhi Team"]
[WhiteFideId "8608962"]
[BlackFideId "5021596"]
[EventDate "2018.04.11"]

1. Nf3 d5 2. e3 Nf6 3. c4 e6 4. d4 Be7 5. b3 O-O 6. Be2 c5 7. O-O cxd4 8. Nxd4
Nc6 9. Bb2 Nxd4 10. Qxd4 dxc4 11. Bxc4 Qxd4 12. Bxd4 Bd7 13. Nd2 Bc6 14. Be2
Rfd8 15. Nc4 Nd5 16. Rfd1 Nb4 17. Rd2 Be4 18. Rad1 f6 19. a3 Nc6 20. Bb2 Bd5 21.
Rc2 Be4 22. Rcd2 Bd5 23. Rc2 Be4 1/2-1/2

[Event "TCh-CHN 2018"]
[Site "China CHN"]
[Date "2018.07.10"]
[Round "8.2"]
[Board "3"]
[White "Zhou, Weiqi"]
[Black "Wen, Yang"]
[Result "1/2-1/2"]
[WhiteTitle "GM"]
[BlackTitle "GM"]
[WhiteElo "2597"]
[BlackElo "2604"]
[WhiteTeam "Chongqing Team"]
[BlackTeam "Shandong Jingzhi Team"]
[WhiteFideId "8601674"]
[BlackFideId "8602956"]
[EventDate "2018.04.11"]

1. e4 e5 2. Nf3 Nc6 3. Bb5 Nf6 4. O-O Nxe4 5. Re1 Nd6 6. Nxe5 Be7 7. Bf1 Nxe5 8.
Rxe5 O-O 9. d4 Bf6 10. Re1 Re8 11. c3 Rxe1 12. Qxe1 Ne8 13. Nd2 d5 14. Nf3 Bf5
15. Bf4 Nd6 16. Qe3 c6 17. Re1 Ne4 18. Nd2 Nxd2 19. Qxd2 Qd7 20. Bd3 Bxd3 21.
Qxd3 Re8 22. Rxe8+ Qxe8 23. Qe3 Kf8 24. Kf1 Qxe3 25. Bxe3 Ke7 26. Ke2 Ke6 27. g4
Be7 28. Bf4 b5 29. b4 a6 30. h3 g6 31. f3 1/2-1/2

[Event "TCh-CHN 2018"]
[Site "China CHN"]
[Date "2018.07.10"]
[Round "8.2"]
[Board "4"]
[White "Ning, Kaiyu"]
[Black "Tan, Zhongyi"]
[Result "0-1"]
[BlackTitle "GM"]
[WhiteElo "2217"]
[BlackElo "2513"]
[WhiteTeam "Shandong Jingzhi Team"]
[BlackTeam "Chongqing Team"]
[WhiteFideId "8614750"]
[BlackFideId "8603642"]
[EventDate "2018.04.11"]

1. d4 Nf6 2. Nf3 e6 3. c4 c5 4. d5 b5 5. Bg5 exd5 6. cxd5 h6 7. Bxf6 Qxf6 8. Qc2
Be7 9. e4 Qb6 10. a4 bxa4 11. Nbd2 d6 12. Qxa4+ Bd7 13. Qc2 O-O 14. Bd3 a5 15.
O-O Na6 16. Bxa6 Rxa6 17. Nc4 Qc7 18. Rfe1 Bb5 19. Na3 Qb8 20. e5 dxe5 21. Rxe5
Bf6 22. Re3 Rc8 23. Nxb5 Qxb5 24. Rb3 Qd7 25. Qc4 Rd6 26. Rxa5 Rxd5 27. g3 g5
28. Ra6 Bg7 29. h3 h5 30. h4 g4 31. Ng5 Rd1+ 32. Kh2 Qf5 33. Qe2 Qd5 34. Qe4
Qxe4 35. Nxe4 c4 36. Rb4 f5 37. Nd6 Rd8 38. Nxf5 Rf1 39. Ne3 Rxf2+ 40. Kg1 Re2
41. Rg6 Rd7 42. Nf1 Kh7 43. Rg5 Bd4+ 44. Kh1 Rf7 45. Rxh5+ Kg6 0-1

[Event "TCh-CHN 2018"]
[Site "China CHN"]
[Date "2018.07.10"]
[Round "8.2"]
[Board "5"]
[White "Yan, Tianqi"]
[Black "Lei, Tingjie"]
[Result "1/2-1/2"]
[BlackTitle "GM"]
[WhiteElo "2098"]
[BlackElo "2457"]
[WhiteTeam "Shandong Jingzhi Team"]
[BlackTeam "Chongqing Team"]
[WhiteFideId "8615250"]
[BlackFideId "8605114"]
[EventDate "2018.04.11"]

1. e4 c5 2. Nf3 Nc6 3. d4 cxd4 4. Nxd4 e6 5. Nc3 Qc7 6. Be2 a6 7. O-O b5 8. Nxc6
dxc6 9. a4 b4 10. Nb1 Nf6 11. Bd3 Bd6 12. h3 c5 13. Nd2 Bb7 14. Qe2 Bh2+ 15. Kh1
Bf4 16. Nc4 O-O 17. b3 e5 18. Bb2 Rfe8 19. Rfe1 Rad8 20. Rad1 Rd7 21. Kg1 Bh6
22. Qf3 Bf4 23. Qe2 Rdd8 24. Qf3 Rd7 1/2-1/2

[Event "TCh-CHN 2018"]
[Site "China CHN"]
[Date "2018.07.10"]
[Round "8.3"]
[Board "1"]
[White "Zou, Chen"]
[Black "Xu, Xiangyu"]
[Result "1/2-1/2"]
[WhiteTitle "FM"]
[BlackTitle "GM"]
[WhiteElo "2384"]
[BlackElo "2565"]
[WhiteTeam "Hangzhou Turbine Team"]
[BlackTeam "Chengdu Beilei Youth Chess Club"]
[WhiteFideId "8610959"]
[BlackFideId "8608288"]
[EventDate "2018.04.11"]

1. e4 c6 2. d4 d5 3. e5 c5 4. Nf3 cxd4 5. Nxd4 Nc6 6. c4 e6 7. Nc3 Bb4 8. Nxc6
bxc6 9. Qa4 Rb8 10. cxd5 exd5 11. Qxc6+ Kf8 12. Bd2 Ne7 13. Qa4 Qc7 14. Be2 Bd7
15. Qd1 Qxe5 16. O-O d4 17. g3 g5 18. Nb1 Bc5 19. Na3 Ng6 20. Rc1 Kg7 21. Nc4
Qf5 22. Ne3 Qe5 23. Nc4 Qf5 24. Ne3 Qe5 25. Nc4 Qf5 26. Ne3 1/2-1/2

[Event "TCh-CHN 2018"]
[Site "China CHN"]
[Date "2018.07.10"]
[Round "8.3"]
[Board "2"]
[White "Xiang, Zeyu"]
[Black "Vidit, Santosh Gujrathi"]
[Result "0-1"]
[BlackTitle "GM"]
[WhiteElo "2435"]
[BlackElo "2702"]
[WhiteTeam "Hangzhou Turbine Team"]
[BlackTeam "Chengdu Beilei Youth Chess Club"]
[WhiteFideId "8608547"]
[BlackFideId "5029465"]
[EventDate "2018.04.11"]

1. d4 Nf6 2. c4 e6 3. Nc3 Bb4 4. Qc2 b6 5. a3 Bxc3+ 6. Qxc3 Bb7 7. Nf3 d6 8. g3
Nbd7 9. Bg2 O-O 10. O-O a5 11. b3 Qe7 12. Bb2 Rfd8 13. Rfd1 Be4 14. Rac1 h6 15.
Qe3 Rac8 16. Bh3 Re8 17. Nd2 Bb7 18. Qd3 d5 19. cxd5 exd5 20. e3 c6 21. a4 Rcd8
22. Ra1 Ne4 23. Ba3 Qg5 24. b4 axb4 25. Bxb4 Qh5 26. Bg2 Ndf6 27. f3 Ng5 28. a5
bxa5 29. Bxa5 Rd7 30. Bb4 Nh3+ 31. Kf1 Ng5 32. h4 Ne6 33. Kf2 Qg6 34. Qxg6 fxg6
35. Bh3 Rf7 36. Bd6 g5 37. Bf5 Nf8 38. hxg5 hxg5 39. Bxf8 Rfxf8 40. Ra7 Bc8 41.
Bg6 Ng4+ 42. Kg1 Re6 43. Bf5 Rxf5 44. fxg4 Rf8 45. Rf1 Rxe3 46. Rxf8+ Kxf8 47.
Kf2 Rd3 48. Ke2 Rxd4 49. Ra8 Rxg4 50. Rxc8+ Ke7 51. Kf2 Kd6 52. Nf3 c5 53. Rd8+
Ke6 54. Re8+ Kd6 55. Ne5 Rd4 56. Nf7+ Kd7 57. Re5 g4 58. Rg5 Ke6 59. Nh8 c4 60.
Rxg7 c3 61. Rc7 Rd2+ 62. Ke1 d4 63. Ng6 Kf5 64. Nf4 Ke4 65. Ne2 Kd3 66. Nf4+ Kc2
67. Ne2 Rxe2+ 68. Kxe2 d3+ 0-1

[Event "TCh-CHN 2018"]
[Site "China CHN"]
[Date "2018.07.10"]
[Round "8.3"]
[Board "3"]
[White "Lin, Yi"]
[Black "Zhao, Yuanhe"]
[Result "1/2-1/2"]
[WhiteElo "2359"]
[BlackElo "2388"]
[WhiteTeam "Hangzhou Turbine Team"]
[BlackTeam "Chengdu Beilei Youth Chess Club"]
[WhiteFideId "8609659"]
[BlackFideId "8609497"]
[EventDate "2018.04.11"]

1. d4 Nf6 2. c4 e6 3. Nf3 b6 4. g3 Ba6 5. b3 Bb4+ 6. Bd2 Be7 7. Bg2 c6 8. O-O d5
9. Ne5 Nfd7 10. Nxd7 Nxd7 11. Bc3 O-O 12. Nd2 Rc8 13. e4 c5 14. exd5 exd5 15.
dxc5 dxc4 16. c6 cxb3 17. Re1 Bb5 18. Nxb3 Bxc6 19. Bxg7 Kxg7 20. Nd4 Bxg2 21.
Nf5+ Kh8 22. Rxe7 Bh3 23. Qd4+ Ne5 24. Qxe5+ f6 25. Qe2 Bxf5 26. Rd1 Bg4 27.
Rxh7+ Kxh7 28. Qxg4 Qe8 29. Rd7+ Rf7 30. Qh5+ Kg8 31. Qg6+ Kf8 32. Qh6+ Kg8 33.
Qg6+ 1/2-1/2

[Event "TCh-CHN 2018"]
[Site "China CHN"]
[Date "2018.07.10"]
[Round "8.3"]
[Board "4"]
[White "Gunina, Valentina"]
[Black "Zhou, Zirun"]
[Result "1/2-1/2"]
[WhiteTitle "GM"]
[WhiteElo "2497"]
[BlackElo "2152"]
[WhiteTeam "Chengdu Beilei Youth Chess Club"]
[BlackTeam "Hangzhou Turbine Team"]
[WhiteFideId "4167570"]
[BlackFideId "8610975"]
[EventDate "2018.04.11"]

1. e4 c5 2. Nf3 d6 3. d4 cxd4 4. Qxd4 Nc6 5. Bb5 Qa5+ 6. Nc3 Qxb5 7. Nxb5 Nxd4
8. Nfxd4 Kd8 9. Be3 Nf6 10. f3 Bd7 11. Nc3 a6 12. O-O-O g6 13. Nb3 Kc7 14. Bg5
Bc6 15. Rhe1 Bg7 16. e5 dxe5 17. Rxe5 e6 18. Re2 Rad8 19. Nd4 Rd7 20. Bf4+ Kc8
21. Be5 Rhd8 22. Red2 Bh6 23. Bxf6 Rxd4 24. Bxd8 Rxd8 25. Ne2 Rxd2 26. Rxd2
Bxd2+ 27. Kxd2 e5 28. c4 Kd7 29. b4 b6 30. Ke3 f5 31. Nc1 Kd6 32. Nd3 a5 33. a3
axb4 34. axb4 g5 35. Kd2 h5 36. b5 Bb7 37. Nb2 f4 38. Na4 e4 39. Ke2 exf3+ 40.
gxf3 g4 41. fxg4 hxg4 42. Nxb6 Kc5 43. Nd7+ Kxc4 44. Ne5+ Kxb5 45. Nxg4 Kc5 46.
h4 Kd6 47. h5 Ke6 48. h6 1/2-1/2

[Event "TCh-CHN 2018"]
[Site "China CHN"]
[Date "2018.07.10"]
[Round "8.3"]
[Board "5"]
[White "Ren, Xiaoyi"]
[Black "Zhao, Shengxin"]
[Result "1/2-1/2"]
[BlackTitle "WFM"]
[WhiteElo "2256"]
[BlackElo "2133"]
[WhiteTeam "Chengdu Beilei Youth Chess Club"]
[BlackTeam "Hangzhou Turbine Team"]
[WhiteFideId "8608709"]
[BlackFideId "8608040"]
[EventDate "2018.04.11"]

1. d4 d5 2. c4 c6 3. Nf3 Nf6 4. e3 e6 5. Nbd2 Nbd7 6. Bd3 Bd6 7. O-O O-O 8. e4
e5 9. cxd5 cxd5 10. Qb3 exd4 11. exd5 Nc5 12. Qc2 Nxd3 13. Qxd3 Bc5 14. Nb3 Qxd5
15. Nxc5 Qxc5 16. Bg5 Nd5 17. Rac1 Qb6 18. Rc4 h6 19. Bd2 Be6 20. Nxd4 Nf6 21.
Nxe6 Qxe6 22. Rd4 Rfe8 23. h3 Qe2 24. Qxe2 Rxe2 25. Rc1 Re7 26. Bb4 Re2 27. Ba3
b5 28. Rc5 Re1+ 29. Kh2 a6 30. Rc7 a5 1/2-1/2

[Event "TCh-CHN 2018"]
[Site "China CHN"]
[Date "2018.07.10"]
[Round "8.4"]
[Board "1"]
[White "Cheparinov, Ivan"]
[Black "Bai, Jinshi"]
[Result "1/2-1/2"]
[WhiteTitle "GM"]
[BlackTitle "GM"]
[WhiteElo "2711"]
[BlackElo "2568"]
[WhiteTeam "Shenzhen Longgang Chess association"]
[BlackTeam "Hangzhou Bank Team"]
[WhiteFideId "2905540"]
[BlackFideId "8602280"]
[EventDate "2018.04.11"]

1. Nf3 Nf6 2. c4 g6 3. Nc3 d5 4. cxd5 Nxd5 5. e4 Nxc3 6. dxc3 Qxd1+ 7. Kxd1 f6
8. h4 e5 9. h5 g5 10. Be3 Be6 11. Nd2 Nd7 12. Bc4 Kf7 13. Kc2 Bc5 14. Bxe6+ Kxe6
15. Nf1 Rad8 16. Rd1 Bxe3 17. Nxe3 Nb6 18. b4 Nc8 19. a4 Ne7 20. g4 a6 21. Nc4
Nc8 22. f3 Nd6 23. Na5 b6 24. Nc6 Ra8 25. Kb3 Nb7 26. a5 b5 27. c4 Nd6 28. c5
Nf7 29. Rd5 Nd8 30. Nxd8+ Rhxd8 31. Rhd1 Ke7 32. Rxd8 Rxd8 33. Rxd8 Kxd8 1/2-1/2

[Event "TCh-CHN 2018"]
[Site "China CHN"]
[Date "2018.07.10"]
[Round "8.4"]
[Board "2"]
[White "Zhou, Jianchao"]
[Black "Ma, Qun"]
[Result "1/2-1/2"]
[WhiteTitle "GM"]
[BlackTitle "GM"]
[WhiteElo "2617"]
[BlackElo "2620"]
[WhiteTeam "Shenzhen Longgang Chess association"]
[BlackTeam "Hangzhou Bank Team"]
[WhiteFideId "8603537"]
[BlackFideId "8603154"]
[EventDate "2018.04.11"]

1. Nf3 Nf6 2. d4 d5 3. Bf4 Bf5 4. e3 e6 5. c4 Bxb1 6. Rxb1 Bb4+ 7. Ke2 Bd6 8. g3
Nbd7 9. Bg2 Bxf4 10. gxf4 c6 11. Qb3 Qb6 12. Rhc1 O-O 13. Ne5 Rad8 14. Qxb6 axb6
15. a4 Ra8 16. b3 Rfd8 17. Rb2 Kf8 18. cxd5 Nxe5 19. fxe5 Nxd5 20. b4 Rxa4 21.
b5 c5 22. dxc5 bxc5 23. Rxc5 Ra5 24. Bxd5 b6 25. Rc6 Rxd5 26. Rxb6 Rxe5 27. Rb7
g5 28. b6 Rab5 29. Rxb5 Rxb5 30. Kd3 Kg7 31. f3 h5 32. Kc4 Rb2 33. Kc3 Rb1 34.
h3 Kf6 35. Rb8 Ke5 1/2-1/2

[Event "TCh-CHN 2018"]
[Site "China CHN"]
[Date "2018.07.10"]
[Round "8.4"]
[Board "3"]
[White "Liu, Qingnan"]
[Black "Jakovenko, Dmitry"]
[Result "1/2-1/2"]
[WhiteTitle "GM"]
[BlackTitle "GM"]
[WhiteElo "2538"]
[BlackElo "2735"]
[WhiteTeam "Shenzhen Longgang Chess association"]
[BlackTeam "Hangzhou Bank Team"]
[WhiteFideId "8603294"]
[BlackFideId "4122356"]
[EventDate "2018.04.11"]

1. e4 e5 2. Nf3 Nc6 3. Bb5 a6 4. Ba4 Nf6 5. O-O Be7 6. Re1 b5 7. Bb3 d6 8. c3
O-O 9. d4 Bg4 10. d5 Na5 11. Bc2 c6 12. h3 Bc8 13. dxc6 Qc7 14. Nbd2 Qxc6 15.
Nf1 Be6 16. Ng3 Rfe8 17. Ng5 Bd7 18. Nf3 Rac8 19. a4 b4 20. cxb4 Qxc2 21. bxa5
Be6 22. Bg5 Qxb2 23. Bxf6 Bxf6 24. Qxd6 Qc3 25. Qxa6 Ra8 26. Qe2 Qxa5 27. Reb1
Bd7 28. Nd2 Qd8 29. Qd1 Be6 30. Qc2 Qc8 31. Qb2 Qc7 32. Rc1 Reb8 33. Qa3 Qa7 34.
Nc4 Bg5 35. Rc3 Be7 36. Qc1 Bc5 37. Nxe5 Rc8 38. Nf3 Bxf2+ 39. Kh2 Qa5 40. Rxc8+
Rxc8 41. Qf4 Qc3 42. Nf5 Qxa1 43. Ne7+ Kf8 44. Nxc8 Bxc8 45. Qc7 Qxa4 46. Qxc8+
Qe8 47. Qxe8+ 1/2-1/2

[Event "TCh-CHN 2018"]
[Site "China CHN"]
[Date "2018.07.10"]
[Round "8.4"]
[Board "4"]
[White "Girya, Olga"]
[Black "Zhang, Xiaowen"]
[Result "1-0"]
[WhiteTitle "WGM"]
[BlackTitle "WGM"]
[WhiteElo "2481"]
[BlackElo "2318"]
[WhiteTeam "Hangzhou Bank Team"]
[BlackTeam "Shenzhen Longgang Chess association"]
[WhiteFideId "4195752"]
[BlackFideId "8603219"]
[EventDate "2018.04.11"]

1. d4 d5 2. c4 e6 3. Nc3 Nf6 4. cxd5 Nxd5 5. g3 Nxc3 6. bxc3 c5 7. Nf3 cxd4 8.
cxd4 Bb4+ 9. Bd2 Bxd2+ 10. Qxd2 b6 11. Bg2 Bb7 12. O-O O-O 13. Rfc1 Be4 14. Qf4
Qd5 15. a4 Na6 16. Ra3 Rad8 17. a5 b5 18. Re3 Bxf3 19. Bxf3 Qxd4 20. Qxd4 Rxd4
21. Rb3 Rb4 22. Rxb4 Nxb4 23. Rb1 Na6 24. Bb7 Nc5 25. Rxb5 Nxb7 26. Rxb7 Ra8 27.
a6 g5 28. f4 gxf4 29. gxf4 Kg7 30. Kf2 Kf6 31. Kf3 h6 32. h3 Kg7 33. Ke4 Kf6 34.
Rd7 Kg6 35. Ke5 Rb8 36. Rxa7 Rb2 37. e3 Ra2 38. Kd4 Kg7 39. Kc5 Ra3 40. Ra8 Rxe3
41. Rb8 Ra3 42. Kb6 Rb3+ 43. Kc7 Rc3+ 44. Kb7 Rb3+ 45. Kc8 Rc3+ 46. Kb7 Rb3+ 47.
Ka8 Rxh3 48. a7 Ra3 49. Kb7 Kg6 50. a8=Q Rxa8 51. Rxa8 Kf5 52. Rf8 Kxf4 53.
Rxf7+ Kg4 54. Rg7+ Kf4 55. Rh7 Kg5 56. Kc6 h5 57. Kc5 Kg4 58. Kd4 h4 59. Ke3 e5
60. Rg7+ Kf5 61. Rg8 h3 62. Rg3 1-0

[Event "TCh-CHN 2018"]
[Site "China CHN"]
[Date "2018.07.10"]
[Round "8.4"]
[Board "5"]
[White "Li, Ruofan"]
[Black "Ushenina, Anna"]
[Result "1/2-1/2"]
[WhiteTitle "IM"]
[BlackTitle "GM"]
[WhiteElo "2325"]
[BlackElo "2440"]
[WhiteTeam "Hangzhou Bank Team"]
[BlackTeam "Shenzhen Longgang Chess association"]
[WhiteFideId "8600643"]
[BlackFideId "14110911"]
[EventDate "2018.04.11"]

1. d4 d5 2. c4 c6 3. cxd5 cxd5 4. Bf4 Nf6 5. Nc3 Nc6 6. e3 Bg4 7. Qb3 Na5 8.
Qa4+ Bd7 9. Qc2 e6 10. Nf3 Nh5 11. Be5 Nc6 12. a3 f6 13. Bg3 Be7 14. Bd3 g6 15.
O-O O-O 16. b4 Rc8 17. Rfc1 Nxg3 18. hxg3 Kg7 19. Qe2 Be8 20. Rc2 Bf7 21. Rd1 a5
22. b5 Nb8 23. a4 Nd7 24. Nd2 Nb6 25. Nb3 Bb4 26. Na2 Nxa4 27. Nxb4 axb4 28.
Rxc8 Qxc8 29. Rc1 Nc3 30. Qb2 b6 31. Na1 Qd7 32. Nc2 Nxb5 33. Qxb4 Nd6 34. Qxb6
Rc8 35. Ra1 Qc6 1/2-1/2

[Event "TCh-CHN 2018"]
[Site "China CHN"]
[Date "2018.07.10"]
[Round "8.5"]
[Board "2"]
[White "Li, Chao b"]
[Black "Xu, Minghui"]
[Result "1-0"]
[WhiteTitle "GM"]
[WhiteElo "2703"]
[BlackElo "2313"]
[WhiteTeam "Beijing Beiao team"]
[BlackTeam "Zhejiang Chess Team"]
[WhiteFideId "8604436"]
[BlackFideId "8606790"]
[EventDate "2018.04.11"]

1. e4 e5 2. Nf3 Nc6 3. Bb5 a6 4. Ba4 Nf6 5. O-O Be7 6. Re1 b5 7. Bb3 O-O 8. a4
b4 9. d4 d6 10. dxe5 Nxe5 11. Nxe5 dxe5 12. Bg5 Bc5 13. Qf3 Bg4 14. Bxf6 Qxf6
15. Qxf6 gxf6 16. h3 Be6 17. Nd2 Rfd8 18. Red1 Rd4 19. Bxe6 fxe6 20. Kf1 Kf8 21.
Nb3 Rc4 22. Rd2 Bd4 23. Rb1 Ke7 24. Rbd1 Rb8 25. h4 h5 26. Nxd4 Rxd4 27. Rxd4
exd4 28. Rxd4 c5 29. Rd1 c4 30. Ke2 Rc8 31. Rd4 Rc5 32. Ke3 a5 33. c3 bxc3 34.
bxc3 Rc8 35. g3 Rc7 36. f3 Rc8 37. g4 Rh8 38. e5 fxe5 39. Rxc4 hxg4 40. Rxg4 Kf6
41. c4 Rb8 42. h5 Rb1 43. c5 Rh1 44. c6 Rxh5 45. c7 1-0

[Event "TCh-CHN 2018"]
[Site "China CHN"]
[Date "2018.07.10"]
[Round "8.5"]
[Board "3"]
[White "Wang, Yiye"]
[Black "Lu, Shanglei"]
[Result "1/2-1/2"]
[WhiteTitle "IM"]
[BlackTitle "GM"]
[WhiteElo "2437"]
[BlackElo "2636"]
[WhiteTeam "Beijing Beiao team"]
[BlackTeam "Zhejiang Chess Team"]
[WhiteFideId "8606021"]
[BlackFideId "8603332"]
[EventDate "2018.04.11"]

1. e4 c5 2. c3 e6 3. Nf3 Nf6 4. e5 Nd5 5. d4 cxd4 6. cxd4 d6 7. Bc4 Be7 8. O-O
O-O 9. Bd2 Nd7 10. Nc3 N7b6 11. Nxd5 exd5 12. Bd3 Bg4 13. Re1 Nc4 14. Bc3 Rc8
15. h3 Be6 16. Rc1 g6 17. b3 Na5 18. exd6 Bxd6 19. Qd2 Nc6 20. Qh6 Qf6 21. Ng5
Qh8 22. Nxe6 fxe6 23. Qe3 Rce8 24. g3 Bc7 25. Bb5 Bb6 26. Bxc6 bxc6 27. Bb2 e5
28. Rxc6 Qg7 29. Rxb6 axb6 30. dxe5 Re6 1/2-1/2

[Event "TCh-CHN 2018"]
[Site "China CHN"]
[Date "2018.07.10"]
[Round "8.5"]
[Board "4"]
[White "Ding, Yixin"]
[Black "Wang, Jue"]
[Result "1-0"]
[WhiteTitle "WGM"]
[BlackTitle "WGM"]
[WhiteElo "2429"]
[BlackElo "2367"]
[WhiteTeam "Zhejiang Chess Team"]
[BlackTeam "Beijing Beiao team"]
[WhiteFideId "8602972"]
[BlackFideId "8604070"]
[EventDate "2018.04.11"]

1. e4 c5 2. Ne2 a6 3. Nbc3 b5 4. g3 Bb7 5. Bg2 e6 6. O-O Nc6 7. d4 cxd4 8. Nxd4
Bc5 9. Nb3 Be7 10. Qe2 d6 11. Rd1 Qc7 12. Bf4 Ne5 13. a4 bxa4 14. Rxa4 Nf6 15.
Na5 Bc8 16. Bxe5 dxe5 17. Qc4 Bc5 18. Nb3 Bb6 19. Qxc7 Bxc7 20. Nb5 Bb8 21. Ra5
Ke7 22. Nc5 Nd7 23. Nxd7 Bxd7 24. Bf1 Bc6 25. Nc3 Bb7 26. Ra3 Bd6 27. Rb3 Rhb8
28. Ra1 a5 29. Bd3 Bc6 30. Rxb8 Rxb8 31. b3 Bc7 32. Kf1 Bb6 33. Nd1 Rd8 34. f3
h5 35. h4 f5 36. Ke2 Rf8 37. Ne3 fxe4 38. Bxe4 Bb5+ 39. Bd3 Bc6 40. Be4 Bb5+ 41.
c4 Bd7 42. Nc2 Rb8 43. Ne1 Bd4 44. Rxa5 Rxb3 45. Nd3 Rc3 46. Nxe5 Bxe5 47. Rxe5
Rxc4 48. Rxh5 Bc6 49. Kd3 Rc1 50. Bxc6 Rxc6 51. Ra5 Kf6 52. f4 Rc1 53. Ke4 Rc3
54. g4 Rc4+ 55. Ke3 Rc3+ 56. Kd4 Rg3 57. g5+ Kg6 58. Ke4 Rh3 59. Ra6 Kf7 60.
Ra7+ Kf8 61. h5 Rxh5 62. Ke5 Rh1 63. Kxe6 Re1+ 64. Kf5 Rb1 65. Rd7 Rb6 66. Ke5
Rb1 67. Ke6 Re1+ 68. Kf5 Ra1 69. Kg6 Ra4 70. Rf7+ 1-0